00628nam a2200181 i 450000100060000000300090000600500170001500700030003200800410003524500450007626000310012130000310015250000510018371000410023485200320027599900170030795201220032446780ES-MaACL20230906161439.0t|030401s1962 sp ||||1| spa d00aConmemoración de las Juntas Generales. aVitoria : b[s.n., c1962] a25 h., 3 lám. ; c28 cm. aPrecede al tít.: Diutación Foral de Alava.1 aÁlava. bConsejo de Cultura.91309 aES-MaACLjC-26835 bR.50615 c46780d46780 00104070aATENEOMbATENEOMcDEPO2d2008-01-17eSCl0oC-26835p1049202r2023-02-23 00:00:00w2023-02-23yMONOGRAFIA